000 00478nam a2200181Ia 4500
008 230524s9999 xx 000 0 und d
020 _a9789382332329
082 _a531
_bSIN
100 _aVinod Kumar Singh
_942954
245 0 _aMechanics & Wave Motion
250 _a1
260 _aNew Delhi
_bI.K.International
_c2013
300 _a"X,409p;"
500 _aQuantity Number: 1
650 _aPhysics
700 _aDevraj Singh & Devendra Pratap Singh
_942955
942 _cBK
999 _c57913
_d57913